000 00797cab a22001935a 4500
001 L142655
008 080227s2008 xxk f 000 0 eng d
035 _a(Sirsi) u142655
041 0 _aeng
100 1 _aWalker, Brien
245 0 0 _aHearts of oak
260 _c2008
490 0 _aEstate Agent
_vFebruary 2008, 36-41(6)
520 _aProvides a historic look at how oak has been used as a building material over the centuries. Covers: different types of oak, shipping times, felling, new technology, cottages and period housing, skilled craftsmanship, different methods of roof construction (including cruck), and the Wealden design of timbered houses.
590 _aKA
651 4 _aUnited Kingdom
_y
690 _aBUILT ENVIRONMENT-BUILDING MATERIALS-TIMBER-TIMBER AND WOOD
942 _n0
999 _c79896
_d79896